| 000 | 00357nam a22001457a 4500 | ||
|---|---|---|---|
| 020 | _qHB. | ||
| 040 | _cFIZZA ISHAQ | ||
| 082 |
_a551.49 _bHAN |
||
| 100 |
_aHLAVACIKOVA, HANA. _991143 |
||
| 245 |
_aAPPLIED SOIL HYDROLOGY / _cHANA HLAVACIKOVA. |
||
| 250 | _a1st ED. | ||
| 260 |
_bSPRINGER, _c2019. |
||
| 300 | _a598 P. ; | ||
| 942 |
_2ddc _cBK |
||
| 999 |
_c589299 _d589299 |
||